00624cam a2200193 a 450000100060000000300080000600500170001400800390003102000150007003500190008504000320010404100080013608200260014410000500017024500650022026000630028530000210034865100610036920711BD-RjUL20211209000611.0140302r19671950enk 000 1 eng a0140182128 a(BD-RjUL)20773 aDLCcDLCdDLCdBD-RjULbeng aeng00a823.912220bLAW 19671 aLawrence, D. H.q(David Herbert),d1885-1930.14aThe woman who rode away, and other stories /cD.H. Lawrence. aLondon, England ;bPenguin Books,cc1934 [Reprinted 1967]. a256 p. ;c20 cm. 0aEnglandxSocial life and customsy20th centuryxFiction.